Statistics for Slug Trivia

Click here to take the quiz!

General Stats

  • This quiz has been taken 44 times
  • The average score is 4 of 11

Answer Stats

QuestionAnswer% Correct
What is a slug generally called when it has a shell?Snail
91%
What color is a slug's blood?Green
74%
How many lungs do slugs have?One
74%
Slugs slime absorbs _____, making it difficult to wash it off your hands.Water
50%
A slug can stretch out to how many times its normal length?20x
32%
How long can a slug live in good conditions?6 Years
29%
What class are slugs part of in the animal kingdom?Gastropoda
9%
What does a slug smell with?It's body
9%
Approximately how many "teeth" does a slug have?27,000
6%
What is a slug, scientifically speaking?A Muscular Foot
6%
What do slugs have instead of teeth?Radula
6%

Score Distribution

Percentile by Number Answered

Percent of People with Each Score

Your Score History

You have not taken this quiz